Companies by Country #5 - Statistics

General Stats
  • This quiz has been taken 35 times
  • The average score is 11 of 19
Answer Stats
Company Industry Country % Correct
Porsche Automotive Germany
96%
Hitachi Conglomerate Japan
96%
Tim Hortons Coffee/chain restaurant Canada
93%
Giorgio Armani Luxury fashion Italy
93%
Jaguar Land Rover Automotive United Kingdom
93%
Dior Luxury fashion France
89%
Tata Group Conglomerate India
79%
Ericsson Telecommunications Sweden
75%
Dell Technologies Technology United States of America
71%
Carlsberg A/S Beer Denmark
68%
AvtoVAZ Automotive Russia
46%
Bacardí Rum Cuba
43%
SK Group Conglomerate South Korea
43%
CNPC Petroleum China
39%
Ricola Ltd. Pharmaceutical Switzerland
32%
Stellantis Automotive Netherlands
21%
Telegram Social media United Arab Emirates
18%
IWI Firearms Israel
14%
Aero Contractors Airline Nigeria
14%
No matching quizzes found
Score Distribution
Percent of People with Each Score
Percentile by Number Answered
Your Score History
You have not taken this quiz